000 00587nam a2200181 4500
001 127848
003 ES-MaACL
005 20230906193112.0
007 t|
008 070214s1918 sp r ||||1| spa d
100 1 _aRivellés e Ibáñez, Federico.
_997603
245 1 0 _aPor no vacunarse
_b: narración de Higiene para niños : premiada en el concurso de 1917 /
_cFederico Rivellés e Ibáñez.
260 _aMadrid :
_b[s. n.],
_c1918.
490 1 _aBiblioteca pro infantia
830 0 _aBiblioteca pro infantia
_9183281
852 _aES-MaACL
_j1559-F-8
999 _c127848
_d127848